47都道府県庁の最寄駅 - Statistics

General Stats
  • This quiz has been taken 318 times
  • The average score is 27 of 47
Answer Stats
庁舎 最寄駅 徒歩約 % Correct
青森県庁 青森 10分
89%
千葉県庁 県庁前 3分
87%
富山県庁 県庁前 1分
87%
兵庫県庁 県庁前 1分
87%
広島県庁 紙屋町東/県庁前 2分
87%
愛媛県庁 県庁前 1分
87%
高知県庁 県庁前 2分
87%
沖縄県庁 県庁前 3分
87%
東京都庁 都庁前 1分
83%
茨城県庁 水戸 (5km)
82%
秋田県庁 秋田 30分
80%
山形県庁 山形 45分
80%
福島県庁 福島 15分
80%
鳥取県庁 鳥取 20分
77%
山梨県庁 甲府 5分
76%
三重県庁 8分
76%
埼玉県庁 浦和 10分
75%
滋賀県庁 大津/島ノ関 5分
75%
福井県庁 福井/福井城址大名町 5分
74%
山口県庁 上山口/山口 25分
74%
宮崎県庁 宮崎 17分
72%
北海道庁 さっぽろ 8分
71%
佐賀県庁 佐賀 20分
71%
長崎県庁 長崎/長崎駅前 10分
69%
大分県庁 大分 15分
69%
和歌山県庁 和歌山市 20分
68%
奈良県庁 近鉄奈良 5分
65%
静岡県庁 新静岡 6分
55%
栃木県庁 東武宇都宮 12分
52%
群馬県庁 中央前橋 18分
46%
神奈川県庁 日本大通り 1分
46%
長野県庁 市役所前 15分
46%
島根県庁 松江しんじ湖温泉 15分
44%
愛知県庁 名古屋城 1分
43%
香川県庁 瓦町/栗林公園北口 10分
39%
岐阜県庁 西岐阜 20分
38%
岩手県庁 上盛岡 20分
28%
宮城県庁 勾当台公園 3分
26%
大阪府庁 天満橋/谷町四丁目 5分
26%
福岡県庁 馬出九大病院前/千代県庁口 2分
22%
新潟県庁 関屋 20分
21%
京都府庁 丸太町 10分
20%
徳島県庁 阿波富田 5分
17%
岡山県庁 県庁通り 6分
15%
鹿児島県庁 郡元 15分
12%
石川県庁 磯部 30分
11%
熊本県庁 市立体育館前/商業高校前 10分
8%
No matching quizzes found
Score Distribution
Percent of People with Each Score
Percentile by Number Answered
Your Score History
You have not taken this quiz